| 000 | 00902cam a2200277 a 4500 | ||
|---|---|---|---|
| 001 | 2067940 | ||
| 003 | OSt | ||
| 005 | 20160531095423.0 | ||
| 008 | 940317s1994 nyua b 001 0 eng | ||
| 010 | _a 94010999 | ||
| 020 |
_a087477764X (pbk. : acidfree paper) : _c$15.95 ($20.95 Can.) |
||
| 040 | _aSEKU | ||
| 050 | 0 | 0 |
_aHD 62.5 _b.E3 1994 |
| 082 | 0 | 0 |
_a658/.041 _220 |
| 100 | 1 |
_aEdwards, Paul, _d1940- |
|
| 245 | 1 | 0 |
_aWorking from home : _beverything you need to know about living and working under the same roof / _cPaul and Sarah Edwards. |
| 250 | _a4th ed. | ||
| 260 |
_aNew York : _bPutnam's, _c1994. |
||
| 300 |
_avi, 551 p. : _bill. ; _c24 cm. |
||
| 500 | _a"A Jeremy P. Tarcher/Putnam book." | ||
| 504 | _aIncludes bibliographical references and index. | ||
| 650 | 0 | _aHome-based businesses. | |
| 650 | 0 | _aSelf-employed. | |
| 700 | 1 |
_aEdwards, Sarah _q(Sarah A.) |
|
| 942 |
_2lcc _cGEN |
||
| 999 |
_c14925 _d14925 |
||